| 000 | 01063nas a2200313 4500 | ||
|---|---|---|---|
| 001 | BR2019001472 | ||
| 003 | BR-BrBNA | ||
| 005 | 20231205131924.0 | ||
| 007 | ta | ||
| 008 | 230509b bl.|||p| |||| 00| 00por d | ||
| 040 |
_aBR-BrBNA _bpor _cBiblioteca Nacional de Agricultura |
||
| 041 | _a(Pt) | ||
| 072 | _aH20; F01 | ||
| 100 | 1 | _aNomura, E.S. | |
| 100 | 1 | _aDamatto Junior, E.R. | |
| 100 | 1 | _aFuzitani, E.J. | |
| 100 | 1 | _aSaes, L.A. | |
| 100 | 1 | _aSilva, S. de O. e | |
| 245 | 1 | _aDesenvolvimento e produção de bananeira Grande Naine em diferentes sistemas de manejo para a convivência com a sigatoka-negra no Vale do Ribeira-SP | |
| 650 | _aBANANA | ||
| 650 | _aDOENÇA DE PLANTA | ||
| 650 | _aSIGATOKA NEGRA | ||
| 650 | _aDESFOLHA | ||
| 650 | _aPRÁTICA CULTURAL | ||
| 773 | 0 |
_tRevista Brasileira de Fruticultura (Brazil) _xISSN 1806-9967 _g(Jul-Sep 2015), v. 37(3) p. 644-655 _wBR2019001472 |
|
| 856 | 4 | 0 | _uhttp://www.scielo.br/pdf/rbf/v37n3/0100-2945-RBF-37-3-644.pdf |
| 909 |
_a202311 _bLúcia _c55 _dLúcia Elande |
||
| 942 |
_2AGRIS _n0 _cANA |
||
| 999 |
_c257491 _d257491 |
||